000
00229 a2200097 4500
001
44254
100
_a
Crook
245
_a
Elementary Handbook for Wirelass Operators
260
_a
London
_b
Pitman & Sons
_c
090
_c
27998
_d
27998
942
_a
NUST-CAE
_c
M
_c
19999
999
_c
279327
_d
279327